<?xml version="1.0" encoding="UTF-8"?>
<record
    xmlns:xsi="http://www.w3.org/2001/XMLSchema-instance"
    xsi:schemaLocation="http://www.loc.gov/MARC21/slim http://www.loc.gov/standards/marcxml/schema/MARC21slim.xsd"
    xmlns="http://www.loc.gov/MARC21/slim">

  <leader>00549nam a22001457a 4500</leader>
  <controlfield tag="008">160204b        xxu||||| |||| 00| 0 eng d</controlfield>
  <datafield tag="020" ind1=" " ind2=" ">
    <subfield code="a">9781420072082</subfield>
  </datafield>
  <datafield tag="082" ind1=" " ind2=" ">
    <subfield code="2">22</subfield>
    <subfield code="a">620.11223</subfield>
    <subfield code="b">DEV 2008</subfield>
  </datafield>
  <datafield tag="245" ind1=" " ind2=" ">
    <subfield code="a">Developments in high-temperature corrosion and protection of materials</subfield>
    <subfield code="c">edited by Wei Gao and Zhengwei li</subfield>
  </datafield>
  <datafield tag="260" ind1=" " ind2=" ">
    <subfield code="a">Boca raton, USA:</subfield>
    <subfield code="b">Woodhead pulishing;</subfield>
    <subfield code="c">c2008.</subfield>
  </datafield>
  <datafield tag="300" ind1=" " ind2=" ">
    <subfield code="a">xiii, 639p:</subfield>
    <subfield code="b">ill;</subfield>
  </datafield>
  <datafield tag="440" ind1=" " ind2=" ">
    <subfield code="a">Woodhead publishing in materials</subfield>
  </datafield>
  <datafield tag="650" ind1=" " ind2=" ">
    <subfield code="2">Materials at high temperatures</subfield>
    <subfield code="a">Corrosion and anti-corrosives</subfield>
  </datafield>
  <datafield tag="942" ind1=" " ind2=" ">
    <subfield code="2">ddc</subfield>
    <subfield code="c">BK</subfield>
  </datafield>
  <datafield tag="999" ind1=" " ind2=" ">
    <subfield code="c">356035</subfield>
    <subfield code="d">356035</subfield>
  </datafield>
  <datafield tag="952" ind1=" " ind2=" ">
    <subfield code="0">0</subfield>
    <subfield code="1">0</subfield>
    <subfield code="2">ddc</subfield>
    <subfield code="4">0</subfield>
    <subfield code="7">0</subfield>
    <subfield code="8">NFIC</subfield>
    <subfield code="a">CAS-E</subfield>
    <subfield code="b">CAS-E</subfield>
    <subfield code="c">DISPLAY</subfield>
    <subfield code="d">2016-02-04</subfield>
    <subfield code="e">Iqra books</subfield>
    <subfield code="g">29284.00</subfield>
    <subfield code="l">0</subfield>
    <subfield code="o">620.11223 DEV 2008</subfield>
    <subfield code="p">CAS-E0001416</subfield>
    <subfield code="r">2016-02-04</subfield>
    <subfield code="w">2016-02-04</subfield>
    <subfield code="y">BK</subfield>
  </datafield>
  <datafield tag="952" ind1=" " ind2=" ">
    <subfield code="0">0</subfield>
    <subfield code="1">0</subfield>
    <subfield code="2">ddc</subfield>
    <subfield code="4">0</subfield>
    <subfield code="7">0</subfield>
    <subfield code="8">NFIC</subfield>
    <subfield code="a">CAS-E</subfield>
    <subfield code="b">CAS-E</subfield>
    <subfield code="c">DISPLAY</subfield>
    <subfield code="d">2016-02-04</subfield>
    <subfield code="e">Iqra books</subfield>
    <subfield code="g">29284.00</subfield>
    <subfield code="l">0</subfield>
    <subfield code="o">620.11223 DEV 2008</subfield>
    <subfield code="p">CAS-E0001417</subfield>
    <subfield code="r">2016-02-04</subfield>
    <subfield code="t">C-2</subfield>
    <subfield code="w">2016-02-04</subfield>
    <subfield code="y">BK</subfield>
  </datafield>
  <datafield tag="952" ind1=" " ind2=" ">
    <subfield code="0">0</subfield>
    <subfield code="1">0</subfield>
    <subfield code="2">ddc</subfield>
    <subfield code="4">0</subfield>
    <subfield code="7">0</subfield>
    <subfield code="8">NFIC</subfield>
    <subfield code="a">CAS-E</subfield>
    <subfield code="b">CAS-E</subfield>
    <subfield code="c">DISPLAY</subfield>
    <subfield code="d">2016-02-04</subfield>
    <subfield code="e">Iqra books</subfield>
    <subfield code="g">29284.00</subfield>
    <subfield code="l">0</subfield>
    <subfield code="o">620.11223 DEV 2008</subfield>
    <subfield code="p">CAS-E0001418</subfield>
    <subfield code="r">2016-02-04</subfield>
    <subfield code="t">C-3</subfield>
    <subfield code="w">2016-02-04</subfield>
    <subfield code="y">BK</subfield>
  </datafield>
</record>
